000 00401nam a2200157Ia 4500
008 230917s9999||||xx |||||||||||||| ||und||
020 _cRS300
040 _e3100
_aMAIN
041 _aEnglish
082 _a327.510515 C449N
100 _aChitkara, M G
245 0 _aToxic Tibet under nuclear China
260 _aNew Delhi
_bA P H publishing corporation
_c1996
300 _axix, 163 p.
942 _cBK
999 _c97519
_d97519